Trip Advisors Traveler's Choice World Destinations for 2012 Quiz - Statistics

General Stats
  • This quiz has been taken 281 times
    280 since last reset
  • The average score is 13 of 25
Answer Stats
Rank Destination % Correct
2 New York
97%
4 Paris
97%
1 London
96%
3 Rome
92%
21 Los Angeles
81%
8 Barcelona
78%
14 Sydney
77%
10 Berlin
76%
15 Beijing
73%
11 Chicago
67%
5 San Francisco
61%
19 Shanghai
60%
7 Istanbul
59%
23 Cape Town
52%
25 Dublin
49%
16 Prague
47%
13 Buenos Aires
45%
12 Florence
38%
17 Las Vegas
37%
22 New Orleans
21%
20 Honolulu
14%
6 Marrakech
12%
9 Siem Reap
5%
24 Chiang Mai
2%
18 Bora Bora
1%
No matching quizzes found
Score Distribution
Percent of People with Each Score
Percentile by Number Answered
Your Score History
You have not taken this quiz since the last reset